000 00273nam a22001217a 4500
008 170629b xxu||||| |||| 00| 0 eng d
041 _aeng
080 _a821
100 _a22
101 _aGJL
245 _aA TREASURY OF AMERICAN LITERATURE
_cDAVIS, J.L
942 _2udc
_cBK
999 _c19513
_d19513